Klub wybitnego reprezentanta - Statystyki

Ogólne statystyki
  • Ten quiz został rozwiązany 30 razy
  • Średni wynik to 24 z 66
Statystyki odpowiedzi
Lp. Imię i nazwisko Mecze w pierwszej reprezentacji % Poprawnych
1. Robert Lewandowski 163
100%
35. Mariusz Lewandowski 66
96%
3. Jakub Błaszczykowski 109
92%
7. Piotr Zieliński 105
92%
49. Jacek Zieliński 60
88%
11. Grzegorz Krychowiak 100
85%
12. Grzegorz Lato 100
85%
46. Jerzy Dudek 60
81%
8. Kamil Glik 103
81%
23. Wojciech Szczęsny 84
81%
13. Kamil Grosicki 100
77%
36. Łukasz Piszczek 66
77%
26. Zbigniew Boniek 80
69%
15. Kazimierz Deyna 97
65%
29. Włodzimierz Lubański 75
65%
9. Michał Żewłakow 102
58%
40. Jan Tomaszewski 63
54%
63. Józef Młynarczyk 42
54%
41. Robert Gadocha 62
54%
42. Tomasz Hajto 62
54%
47. Włodzimierz Smolarek 60
54%
45. Andrzej Szarmach 61
50%
18. Władysław Żmuda 91
50%
6. Ewa Pajor 105
46%
31. Maciej Żurawski 72
46%
30. Tomasz Wałdoch 74
46%
17. Jacek Bąk 96
42%
16. Jacek Krzynówek 96
38%
50. Lucjan Brychczy 58
38%
62. Gerard Cieślik 45
35%
57. Paweł Janas 53
35%
33. Tomasz Kłos 69
35%
60. Ernest Pohl 46
31%
44. Henryk Kasperczak 61
31%
54. Jerzy Gorgoń 55
31%
34. Roman Kosecki 69
31%
32. Piotr Świerczewski 70
27%
58. Andrzej Buncol 51
23%
53. Jan Urban 57
23%
48. Marcin Wasilewski 60
23%
64. Stefan Majewski 40
23%
25. Antoni Szymanowski 82
19%
37. Dariusz Dudka 65
19%
39. Dariusz Dziekanowski 63
15%
43. Roman Wójcicki 62
15%
51. Stanisław Oślizło 58
15%
55. Waldemar Matysik 55
15%
61. Zygfryd Szołtysik 46
15%
5. Ewelina Kamczyk 106
8%
66. Kazimierz Kmiecik 34
8%
52. Lesław Ćmikiewicz 57
8%
65. Roman Korynt 34
4%
38. Agnieszka Leonowicz 64
0%
19. Agnieszka Szondermajer 90
0%
4. Agnieszka Winczo 109
0%
28. Anna Gawrońska 78
0%
27. Anna Żelazko 79
0%
20. Dominika Grabowska 90
0%
21. Jolanta Siwińska 88
0%
56. Marek Dziuba 53
0%
2. Maria Makowska 111
0%
10. Marta Otrębska 101
0%
14. Martyna Wiankowska 99
0%
22. Natalia Chudzik 87
0%
24. Patrycja Pożerska 84
0%
59. Zygmunt Anczok 48
0%
Nie znaleziono quizów pasujących do podanych kryteriów
Rozkład punktacji
Procent ludzi z każdym wynikiem
Percentyl według liczby udzielonych odpowiedzi
Twoja historia wyników
Nie rozwiązałeś tego quizu